Central Library OPAC University of Rajshahi

Selected invertebrate types / (Record no. 12553)

MARC details
000 -LEADER
fixed length control field 00721nam a2200241 a 4500
001 - CONTROL NUMBER
control field 12553
003 - CONTROL NUMBER IDENTIFIER
rucl marc code BD-RjUL
005 - DATE AND TIME OF LATEST TRANSACTION
control field 20211208235320.0
008 - FIXED-LENGTH DATA ELEMENTS--GENERAL INFORMATION
fixed length control field 140129s1950 nyua b 001 0 eng d
035 ## - SYSTEM CONTROL NUMBER
System control number (BD-RjUL)12602
040 ## - CATALOGING SOURCE
Original cataloging agency DLC
Transcribing agency DLC
Modifying agency DLC
-- BD-RjUL
Language of cataloging eng
041 ## - LANGUAGE CODE
Language code of text/sound track or separate title eng
082 00 - DEWEY DECIMAL CLASSIFICATION NUMBER
Classification number 592
Author mark and year SEL 1950
Edition number 23
245 10 - TITLE STATEMENT
Title Selected invertebrate types /
Statement of responsibility, etc. edited by Frank A. Brown,
260 ## - PUBLICATION, DISTRIBUTION, ETC. (IMPRINT)
Place of publication, distribution, etc. New York ;
-- Tokyo :
Name of publisher, distributor, etc. Wiley,
Date of publication, distribution, etc. c1950 [Reprint 1962-1967]
300 ## - PHYSICAL DESCRIPTION
Pagination xx, 597 p. :
Illustrations ill. ;
Size 23 cm.
504 ## - BIBLIOGRAPHY, ETC. NOTE
Bibliography, etc Bibliography and index
650 #0 - SUBJECT ADDED ENTRY--TOPICAL TERM
Topical term or geographic name as entry element Invertebrates.
9 (RLIN) 39099
Topical term or geographic name as entry element Zoology
Form subdivision Laboratory manuals.
9 (RLIN) 39100
700 ## - ADDED ENTRY--PERSONAL NAME
Personal name Brown, Frank A. , ed.
942 ## - ADDED ENTRY ELEMENTS (KOHA)
Source of classification or shelving scheme Dewey Decimal Classification
Koha item type Books
Holdings
Lost status Source of classification or shelving scheme Damaged status Not for loan Collection code Permanent Location Current Location Shelving location Date acquired Source of acquisition Cost, normal purchase price Total Checkouts Full call number Date last seen Copy number Koha item type
  Dewey Decimal Classification     Non-fiction Central Library, University of Rajshahi Central Library, University of Rajshahi   06/12/1967 Paramount Book corp. 18.60   592 SEL 1950 29/01/2014 C-7 Books
  Dewey Decimal Classification   Not For Loan Non-fiction Central Library, University of Rajshahi Central Library, University of Rajshahi Reading Room 27/01/1969 Zeitlinger     592 SEL 1966 27/05/2017 C-1 Books
  Dewey Decimal Classification     Non-fiction Central Library, University of Rajshahi Central Library, University of Rajshahi   17/11/1967 Zeitlinger     592 SEL 1965 27/05/2017 C-2 Books
  Dewey Decimal Classification     Non-fiction Central Library, University of Rajshahi Central Library, University of Rajshahi   17/11/1967 Zeitlinger 66.00   592 SEL 1962 27/05/2017 C-3 Books
  Dewey Decimal Classification     Non-fiction Central Library, University of Rajshahi Central Library, University of Rajshahi   03/05/1968 Zeitlinger 76.00   592 SEL 1967 27/05/2017 C-4 Books
  Dewey Decimal Classification     Non-fiction Central Library, University of Rajshahi Central Library, University of Rajshahi   06/08/1968 Swets and Zeitlinger 84.00   592 SEL 1967 27/05/2017 C-5 Books
  Dewey Decimal Classification     Non-fiction Central Library, University of Rajshahi Central Library, University of Rajshahi   15/08/1968 Swets and Zeitlinger 84.00   592 SEL 1967 27/05/2017 C-6 Books
  Dewey Decimal Classification     Non-fiction Central Library, University of Rajshahi Central Library, University of Rajshahi   06/08/1968 Swets and Zeitlinger 84.00   592 SEL 1967 27/05/2017 C-8 Books
  Dewey Decimal Classification     Non-fiction Central Library, University of Rajshahi Central Library, University of Rajshahi   17/05/1968 Centre Aid scientific book programme     592 SEL 1967 27/05/2017 C-9 Books
  Dewey Decimal Classification     Non-fiction Central Library, University of Rajshahi Central Library, University of Rajshahi   27/01/1969 Centre Aid scientific book programme     592 SEL 1966 27/05/2017 C-10 Books
  Dewey Decimal Classification     Non-fiction Central Library, University of Rajshahi Central Library, University of Rajshahi   15/08/1967 Pakistan book Review 49.00   592 SEL 1962 03/01/2019 C-11 Books